Transformations in slavery : (Record no. 19773)

MARC details
000 -LEADER
fixed length control field 00956cam a2200301 a 4500
001 - CONTROL NUMBER
control field 1860432
003 - CONTROL NUMBER IDENTIFIER
control field BDDh-ASL
005 - DATE AND TIME OF LATEST TRANSACTION
control field 20231015025814.0
008 - FIXED-LENGTH DATA ELEMENTS--GENERAL INFORMATION
fixed length control field 820706s1983 enkb b 001 0 eng
010 ## - LIBRARY OF CONGRESS CONTROL NUMBER
LC control number 82012849
020 ## - INTERNATIONAL STANDARD BOOK NUMBER
International Standard Book Number 0521243696
020 ## - INTERNATIONAL STANDARD BOOK NUMBER
International Standard Book Number 0521286468 (pbk.)
040 ## - CATALOGING SOURCE
Original cataloging agency DLC
Transcribing agency DLC
Modifying agency DLC
-- BDDh-ASL
043 ## - GEOGRAPHIC AREA CODE
Geographic area code f------
050 00 - LIBRARY OF CONGRESS CALL NUMBER
Classification number HT1321
Item number .L68 1983
082 00 - DEWEY DECIMAL CLASSIFICATION NUMBER
Classification number 306.362
Edition number 19
Item number LOT
100 1# - MAIN ENTRY--PERSONAL NAME
Personal name Lovejoy, Paul E.
245 10 - TITLE STATEMENT
Title Transformations in slavery :
Remainder of title a history of slavery in Africa /
Statement of responsibility, etc. Paul E. Lovejoy.
260 ## - PUBLICATION, DISTRIBUTION, ETC.
Place of publication, distribution, etc. Cambridge [Cambridgeshire] ;
-- New York :
Name of publisher, distributor, etc. Cambridge University Press,
Date of publication, distribution, etc. 1983.
300 ## - PHYSICAL DESCRIPTION
Extent xvi, 349 p. :
Other physical details maps ;
Dimensions 24 cm.
440 #0 - SERIES STATEMENT/ADDED ENTRY--TITLE
Title African studies series ;
Volume/sequential designation 36
500 ## - GENERAL NOTE
General note Includes index.
504 ## - BIBLIOGRAPHY, ETC. NOTE
Bibliography, etc. note Bibliography: p. 309-336.
650 #0 - SUBJECT ADDED ENTRY--TOPICAL TERM
Topical term or geographic name entry element Slavery
Geographic subdivision Africa
General subdivision History.
650 #0 - SUBJECT ADDED ENTRY--TOPICAL TERM
Topical term or geographic name entry element Slave trade
Geographic subdivision Africa
General subdivision History.
906 ## - LOCAL DATA ELEMENT F, LDF (RLIN)
a 7
b cbc
c orignew
d 1
e ocip
f 19
g y-gencatlg
942 ## - ADDED ENTRY ELEMENTS (KOHA)
Source of classification or shelving scheme Dewey Decimal Classification
Koha item type Books
Holdings
Withdrawn status Lost status Source of classification or shelving scheme Damaged status Not for loan Collection code Home library Current library Shelving location Date acquired Source of acquisition Total Checkouts Full call number Barcode Date last seen Copy number Price effective from Koha item type Public note
    Dewey Decimal Classification   Not For Loan Non-fiction Asiatic Society Library Asiatic Society Library Ludden Collection 12/19/2020 Donated by Prof. David Ludden   306.362 LOT 103155 12/19/2020 C-1 12/19/2020 Books RARE

Powered by Koha